| 000 | 00607nam a22001937a 4500 | ||
|---|---|---|---|
| 008 | 160528b xxu||||| |||| 00| 0 eng d | ||
| 020 | _a0-07-295886-3 | ||
| 082 |
_22006 _aDC 005.74 _bSi3d |
||
| 100 |
_99465 _aSilberschatz, Abraham. |
||
| 245 |
_aDatabase system concepts/ _cAbraham Silberschatz, Henry F. Korth and S. Sudarshan. |
||
| 250 | _aFifth edition. | ||
| 260 |
_aBoston: _bMcGraw-Hill, _cc2006 |
||
| 300 |
_axxvi, 1142 pages _c23 cm. |
||
| 500 | _aIncludes index. | ||
| 650 | 0 |
_99468 _aDatabase management. |
|
| 700 |
_99466 _aKorth, Henry F. |
||
| 700 |
_99467 _aSudarshan, S. |
||
| 942 |
_2ddc _cDC |
||
| 999 |
_c2848 _d2848 |
||